000 01557nam a22001577a 4500
041 _aukr
080 _a09
090 _bКУН
100 _aКунець І. А.
245 _aЛексико-стилістичні особливості фразеологізмів з чисельними компонентами "first", "second", "third", "one", "two", "three"
260 _aОстрог
_bКАФ
_c2012
300 _a50
520 _aРОЗДІЛ 1 ОСОБЛИВОСТІ ДОСЛІДЖЕННЯ ФРАЗЕОЛОГІЇ ТА ФРАЗЕОЛОГІЧНИХ ОДИНИЦЬ 1.1 Теоретичні аспекти дослідження у сфері фразеології 1.2 Особливості перекладу та збереження значень фразеологічних одиниць 1.3 Семантика чисел та їх місце у фразеологічних одиницях РОЗДІЛ 2 СТИЛІСТИЧНИЙ І ЛЕКСИЧНИЙ АНАЛІЗ ФРАЗЕОЛОГІЧНИХ ОДИНИЦЬ З ЧИСЛОВИМ КОМПОНЕНТОМ 2.1 Методи дослідження фразеологізмів 2.2 Поділ фразеологічних одиниць за класифікацією Виноградова В. В. 2.3 Класифікація фразеологізмів за схемою Барана Я. А. та збереження семантичної цінності чисельних компонентів ФО
_0Фразеологія, число
650 _aResearch Papers
999 _c285017
_d285017
942 _cBK